Cross-Cultural Human Resource and International Relations Sem.- IV ( S.Y.B.B.A. ) (Record no. 370520)

MARC details
000 -LEADER
fixed length control field 00391nam a22001457a 4500
005 - DATE AND TIME OF LATEST TRANSACTION
control field 20260227104712.0
008 - FIXED-LENGTH DATA ELEMENTS--GENERAL INFORMATION
fixed length control field 260227b |||||||| |||| 00| 0 eng d
041 ## - LANGUAGE CODE
Language code of text/sound track or separate title Eng.
100 ## - MAIN ENTRY--PERSONAL NAME
Author Kulkarni, Pallavi
245 ## - TITLE STATEMENT
Title Cross-Cultural Human Resource and International Relations Sem.- IV ( S.Y.B.B.A. )
250 ## - EDITION STATEMENT
Edition statement 1st ed.
260 ## - PUBLICATION, DISTRIBUTION, ETC.
Place of publication, distribution, etc. Pune
Name of publisher, distributor, etc. Nirali Books
300 ## - PHYSICAL DESCRIPTION
Extent A.6
942 ## - ADDED ENTRY ELEMENTS (KOHA)
Koha item type Books
Holdings
Withdrawn status Lost status Source of classification or shelving scheme Damaged status Not for loan Home library Current library Date acquired Vendor Cost, normal purchase price Bill number Total Checkouts Barcode Date last seen Bill Date Koha item type Original Barcode Date last checked out
    Dewey Decimal Classification     Shri Siddhivinayak Mahila Mahavidyalaya Shri Siddhivinayak Mahila Mahavidyalaya 27/02/2026 Nirali 130.00 P 75710   SSMM-BK-32979 27/02/2026 24/02/2026 Books 010032979  
    Dewey Decimal Classification     Shri Siddhivinayak Mahila Mahavidyalaya Shri Siddhivinayak Mahila Mahavidyalaya 27/02/2026 Nirali 130.00 P 75710 1 SSMM-BK-32980 05/03/2026 24/02/2026 Books 010032980 02/03/2026
    Dewey Decimal Classification     Shri Siddhivinayak Mahila Mahavidyalaya Shri Siddhivinayak Mahila Mahavidyalaya 27/02/2026 Nirali 130.00 P 75710   SSMM-BK-32981 27/02/2026 24/02/2026 Books 010032981  
    Dewey Decimal Classification     Shri Siddhivinayak Mahila Mahavidyalaya Shri Siddhivinayak Mahila Mahavidyalaya 27/02/2026 Nirali 130.00 P 75710   SSMM-BK-32982 27/02/2026 24/02/2026 Books 010032982  
    Dewey Decimal Classification     Shri Siddhivinayak Mahila Mahavidyalaya Shri Siddhivinayak Mahila Mahavidyalaya 27/02/2026 Nirali 130.00 P 75710   SSMM-BK-32983 27/02/2026 24/02/2026 Books 010032983